000
00290nam a22001337a 4500
008
170719b xxu||||| |||| 00| 0 eng d
020
_a
0060601515
041
_a
eng
080
_a
2
100
_a
24
101
_a
TEO
245
_a
YOUR MONEY OR YOUR LIFE
_c
ALEXANDER, J
942
_2
udc
_c
BK
999
_c
21599
_d
21599